Cervantes en las letras chilenas. Notas bibliográficas. Por J. T. Medina

Uloženo v:
Podrobná bibliografie
Hlavní autor: Medina, José Toribio autor
Médium: Kniha
Jazyk:španělština
Vydáno: Santiago Imprenta Universitaria, Estado 63 1923
Vydání:2a. ed
Témata:
Tagy: Přidat tag
Žádné tagy, Buďte první, kdo vytvoří štítek k tomuto záznamu!

MARC

LEADER 00000nam a2200000 a 4500
001 UCJ3761
003 CL-VaPUC
005 20220514074103.0
008 070124e19230525CL |||||||||||||||||spa|d
999 |c 319883  |d 319881 
040 |c Pontificia Universidad Católica de Valparaíso 
082 0 4 |a 983  |b MED  |2 21 
100 |a Medina, José Toribio  |d autor  |9 864577 
245 1 0 |a Cervantes en las letras chilenas. Notas bibliográficas. Por J. T. Medina 
250 |a 2a. ed 
260 |a Santiago  |b Imprenta Universitaria, Estado 63  |c 1923 
300 |a 80 p 
500 |a 8§.- Anteport.: Cervantes en Chile.- v.: (entre filetes dobles) Tirada de 100 ejemplares.- Port. a dos tintas.- v. en bl.- Letra capital orlada. Chiappa-Feliú Cruz, N§ 298. De la primera edición de esta obra, de apenas cinco días antes (21 de mayo de 1923) sólo salieron a luz cuatro ejemplares 
583 |a last modification  |c 20070124 00:00:00  |k Rodrigo Vera 
600 0 |a Cervantes y Saavedra, Miguel de  |9 267947 
650 0 |a Crítica literaria   |9 269189 
650 7 |a BIBLIOGRAFIA  |2 CL-VaPUC  |9 256175 
650 7 |a NOVELA ESPAÑOLA  |2 CL-VaPUC  |9 313139 
942 |c BK  |2 ddc 
945 |d 20070124 00:00:00  |a rinostro 
952 |0 0  |1 0  |4 0  |6 983_000000000000000_MED_1923  |7 0  |8 X  |9 398284  |a FDOBUD  |b FDOBUD  |d 2019-11-22  |i 1007947  |o 983 MED 1923  |p 1007947  |r 2019-11-22  |w 2019-11-22  |y BK_X  |k BUD 
952 |0 0  |1 0  |4 0  |6 983_000000000000000_MED_1923  |7 0  |8 X  |9 398285  |a FDOBUD  |b FDOBUD  |d 2019-11-22  |i 1007971  |o 983 MED 1923  |p 1007971  |r 2019-11-22  |w 2019-11-22  |y BK_X  |k BUD